000 01209cam a2200241 4500
001 ABS68562
008 041214n2004 000 0 eng u
035 _a(Sirsi) u128292
100 _aLane, T.
245 _aVague visions for Vegas
260 _c2004
490 _aBuilding
_v269(8359) 26 November 2004 56-58(23)
520 _aExamines the prospects for the construction industry with the deregulation of gambling laws which should lead to the development of supercasinos. There is some doubt over how many casinos will be allowed under the new rules with the original figure of 40 supercasinos now reduced to around eight after initial opposition. The casinos could be very substantial at more than 5 000 square metres in an area that would perhaps have up to 1 250 slot machines paying up to £1m each. Gives the main points of the proposed Gambling Act and the proposed design for a £120m supercasino at Glasgow Rangers Ibrox Park Ground.
590 _aABS
590 _aABS
650 _aSUPERCASINOS
650 _aGAMBLING BILL
650 _aGAMBLING PROPERTIES
650 _aCONSTRUCTION INDUSTRY
650 _aLEISURE ACTIVITIES
690 _aLEISURE AND RECREATION
942 _n0
999 _c118440
_d118440